Sieci tramwajowe położone najbliżej Poznania - Statystyki

Ogólne statystyki
  • Ten quiz został rozwiązany 72 razy
    31 od ostatniego zresetowania
  • Średni wynik to 10 z 17
Statystyki odpowiedzi
Odpowiedź % Poprawnych
Berlin
100%
Bydgoszcz
96%
Łódź
96%
Toruń
92%
Gdańsk
88%
Wrocław
88%
Gorzów Wielkopolski
85%
Szczecin
85%
Liberec
58%
Grudziądz
54%
Częstochowa
46%
Frankfurt nad Odrą
46%
Chociebuż
35%
Görlitz
31%
Schöneiche/Rüdersdorf
12%
Woltersdorf
12%
Strausberg
8%
Nie znaleziono quizów pasujących do podanych kryteriów
Rozkład punktacji
Procent ludzi z każdym wynikiem
Percentyl według liczby udzielonych odpowiedzi
Twoja historia wyników
Nie rozwiązałeś tego quizu od ostatniego zresetowania